| 000 | 01078nam a2200193Ia 4500 | ||
|---|---|---|---|
| 999 |
_c2892 _d2892 |
||
| 020 | _a3-598-24502-5 | ||
| 082 | _aRR 060.05 YEA- | ||
| 245 | 0 | _aYearbook of international organizations: guide to global civil society networks | |
| 250 | _a39th | ||
| 260 |
_aMunchen _bK.G. Saur _c2002 |
||
| 300 | _a5v. | ||
| 500 | _aContents: Vol.1.(A-Ins) Organization descriptions and cross-references(xii, 1241p.) - v.1.B(Ins-Z)Organization descriptions and cross-references(viii,1243-2674p.) - v.2.Geographic volume-International organization participation: country directory of secretariats and membership(xiv, 1633p.) - v.3.Subject volume-Global action networks: classified directory and index(xiv, 1858p.) - v.4.Bibliographic volume-International organization bibliography and resources(x, 636p.) - v.5.Statistics, visualizations and patterns(450p.) | ||
| 504 | _aIncludes appendix | ||
| 650 | _aInternational Organization | ||
| 650 | _aInternational agencies - Periodicals - 2002-2003 | ||
| 650 | _aYearbooks | ||
| 710 | _aUnion of International Associations | ||
| 942 |
_cBK _2ddc |
||